000 00660nam a2200193 a 4500
001 000017454
005 20200929165123.0
008 100324s1998 cu acg r 000 0 spa d
020 _a959100048
040 _aDO-SdBNP
_bspa
_cBNPHU
082 _a780.3
_bO74d
100 1 _aOrovio, Helio,
_d1938-2008
_938136
245 1 0 _aDiccionario de la música cubana :
_bbiográfico y técnico /
_cHelio Orovio ; edición Radamés Giro.
250 _a1a reimpresión
260 _aLa Habana, Cuba :
_bLetras Cubanas,
_c1998.
300 _a516 p. :
_bil., mús., retrs. ;
_c19 cm.
650 4 _aMúsica
_xBiografía
_vDICCIONARIO
_938166
700 1 _aGiro, Radamés,
_eed.
_96312
999 _c16979
_d16979